To the associators of the city of Philadelphia : A considerable number of the associators of this city, on considering the plan of an uniform recommended by a committee of the officers ... could not, with propriety, take upon them to adopt of themselves an uniform for the whole city, without the approbation of the people ...

Bibliographic Details
Format: eBook
Language:English
Published: [Philadelphia] : [publisher not identified], [1775]
Series:Early American imprints. Evans (1639-1800) ; no. 14487.
Subjects:
Online Access:Evans Digital Edition

MARC

Tag First Indicator Second Indicator Subfields
LEADER 00000cam a22000001a 4500
001 in00002136149
006 m e d #
007 cr mn mmmmabba
008 861016s1775 pau s 000 0 eng d
005 20260331150038.0
035 |z w006978 
035 |a MAAR8610163706B 
035 |9 mwa91-13160 
035 |a 329344 
035 |a aas03006978 
040 |a MWA  |c MWA  |e bdrb  |d UtOrBLW 
245 0 0 |a To the associators of the city of Philadelphia :  |b A considerable number of the associators of this city, on considering the plan of an uniform recommended by a committee of the officers ... could not, with propriety, take upon them to adopt of themselves an uniform for the whole city, without the approbation of the people ... 
264 1 |a [Philadelphia] :  |b [publisher not identified],  |c [1775] 
300 |a 1 sheet (1 unnumbered page) 
336 |a text  |b txt  |2 rdacontent 
337 |a computer  |b c  |2 rdamedia 
338 |a online resource  |b cr  |2 rdacarrier 
500 |a Proposing the adoption of a hunting shirt as part of the uniform of an associator. 
500 |a The Library Company of Philadelphia copy is dated in ms: May 18th 1775. 
510 4 |a Evans  |c 14487 
530 |a Microform version available in the Readex Early American Imprints series. 
533 |a Electronic text and image data.  |b [Chester, Vt. :  |c Readex, a division of Newsbank, Inc.,  |d 2002-2004.  |e Includes files in TIFF, GIF and PDF formats with inclusion of keyword searchable text.  |f (Early American imprints. First series ; no. 14487). 
500 |a Electronic resource. 
610 1 0 |a Pennsylvania.  |b Military Association. 
650 0 |a Military uniforms. 
655 7 |a Broadsides.  |2 rbgenr 
752 |a United States  |b Pennsylvania  |d Philadelphia. 
830 0 |a Early American imprints.  |n Series I,  |p Evans (1639-1800) ;  |v no. 14487. 
856 4 1 |u http://proxy.library.tamu.edu/login?url=https://opac.newsbank.com/select/evans/14487  |y Evans Digital Edition  |t 0 
999 |a MARS 
999 f f |s 27ecaec4-0b07-3966-8154-5521a378aec4  |i 8b079d2b-fb16-3479-98f6-106f25656482  |t 0 
952 f f |a Texas A&M University  |b College Station  |c Electronic Resources  |s www_evans  |d Available Online  |t 0  |h No information provided 
998 f f |t 0  |l Available Online